00987cam a22002411 4500001001300000003000400013005001700017008004100034010001700075035002000092040002100112042001200133050002900145100003700174245010100211260007300312300001700385500004500402500014400447505012000591650001700711999001700728ne 64003565 DLC20260227111809.0890824m19641969ua 000 0 arar  ane 64003565  a(OCoLC)20243639 aDLCcCUdCUdDLC apremarc00aLAW 1 aJazīrī, ʻAbd al-Raḥmān.10aKitāb al-fiqh ʻalá al-madhāhib al-arbaʻah,ctaʼlīf ʻAbd al-Raḥmān al-Jazīrī. aal-Qāhirah,bal-Maktabah al-Tijārīyah al-Kubrá,c[1964-1969] a4 v.c28 cm. aThis set is made up of various editions. aA revised ed. of kitāb al-fiqh ʻalá al-madhāhib al-arbaʻah, vol. 1 of which was originally issued by the ministry of waqfs in 1928.0 aJuzʼ 1. qism al-ʻibādāt -- juzʼ 2,3. qism al-muʻāmalāt -- juzʼ 4. qism al-aḥwāl al-shakhṣīyah. 0aIslamic law. c47776d47776